书目信息 |
| 题名: |
建筑电气
|
|
| 作者: | 方潜生 , 谢陈磊 主编 | |
| 分册: | ||
| 出版信息: | 北京 中国建筑工业出版社 2024.07 |
|
| 页数: | 189页 | |
| 开本: | 26cm | |
| 丛书名: | ||
| 单 册: | ||
| 中图分类: | TU85 | |
| 科图分类: | ||
| 主题词: | 房屋建筑设备--fang wu jian zhu she bei--电气控制--高等学校--教材 | |
| 电子资源: | ||
| ISBN: | 978-7-112-30156-0 | |
| 000 | 01300nam0 2200289 450 | |
| 001 | 92298 | |
| 005 | 20250817204254.66 | |
| 010 | @a978-7-112-30156-0@dCNY42.00 | |
| 100 | @a20241118d2024 em y0chiy50 ea | |
| 101 | 0 | @achi |
| 102 | @aCN@b110000 | |
| 105 | @aa a 000yy | |
| 106 | @ar | |
| 200 | 1 | @a建筑电气@Ajian zhu dian qi@f方潜生, 谢陈磊主编 |
| 205 | @a第3版 | |
| 210 | @a北京@c中国建筑工业出版社@d2024.07 | |
| 215 | @a189页@c图@d26cm | |
| 300 | @a住房和城乡建设部“十四五”规划教材 教育部高等学校建筑电气与智能化专业教学指导分委员会规划推荐教材 全国优秀教材二等奖 | |
| 320 | @a有书目 (第188-189页) | |
| 330 | @a本书以最新的《高等学校建筑电气与智能化本科专业指南》为依据编写而成。同时本书结合实际工程案例, 全面贯彻国家最新颁布的建筑电气与智能化设计有关标准和规范, 贴近IEC国际标准, 全面介绍了建筑电气的基本原理与主要内容。全书共7章, 主要包括: 绪论 ; 建筑供配电系统 ; 负荷计算 ; 电气设备及导线、电缆 ; 继电保护 ; 供配电系统综合监控及自动化 ; 电气安全与防雷接地。 | |
| 333 | @a“十二五”普通高等教育本科国家级规划教材 | |
| 606 | 0 | @a房屋建筑设备@Afang wu jian zhu she bei@x电气控制@x高等学校@j教材 |
| 690 | @aTU85@v5 | |
| 701 | 0 | @a方潜生@Afang qian sheng@4主编 |
| 701 | 0 | @a谢陈磊@Axie chen lei@4主编 |
| 801 | 0 | @aCN@c20250909 |
| 905 | @a河南城建学院图书馆@dTU85@eF220=3@f1 | |
| 建筑电气/方潜生, 谢陈磊主编.-第3版.-北京:中国建筑工业出版社,2024.07 |
| 189页:图;26cm |
| 住房和城乡建设部“十四五”规划教材 教育部高等学校建筑电气与智能化专业教学指导分委员会规划推荐教材 全国优秀教材二等奖.-使用对象:“十二五”普通高等教育本科国家级规划教材 |
| ISBN 978-7-112-30156-0:CNY42.00 |
| 本书以最新的《高等学校建筑电气与智能化本科专业指南》为依据编写而成。同时本书结合实际工程案例, 全面贯彻国家最新颁布的建筑电气与智能化设计有关标准和规范, 贴近IEC国际标准, 全面介绍了建筑电气的基本原理与主要内容。全书共7章, 主要包括: 绪论 ; 建筑供配电系统 ; 负荷计算 ; 电气设备及导线、电缆 ; 继电保护 ; 供配电系统综合监控及自动化 ; 电气安全与防雷接地。 |
| ● |
| 相关链接 |
|
|
|
正题名:建筑电气
索取号:TU85/F220=3
 
预约/预借
| 序号 | 登录号 | 条形码 | 馆藏地/架位号 | 状态 | 备注 |
| 1 | 1626262 | 216262620 | 建筑库201/201建筑库 53排7列1层/ [索取号:TU85/F220=3] | 在馆 |